[Event "EU-chT (Men) 19th"]
[Site "Warsaw"]
[Date "2013.11.10"]
[Round "3.18"]
[White "Jones, Richard S"]
[Black "Michiels, Bart"]
[Result "0-1"]
[WhiteElo "2435"]
[BlackElo "2506"]
[PlyCount "78"]
[EventDate "2013.11.08"]
[EventType "team-swiss"]
[EventRounds "9"]
[EventCountry "POL"]
[SourceTitle "CBM 158"]
[Source "ChessBase"]
[SourceDate "2014.01.16"]
[SourceVersion "1"]
[SourceVersionDate "2014.01.16"]
[SourceQuality "1"]
[WhiteTeam "Wales"]
[BlackTeam "Belgium"]
[WhiteTeamCountry "WLS"]
[BlackTeamCountry "BEL"]

1. e4 e6 2. d4 d5 3. Nc3 Nf6 4. e5 Nfd7 5. f4 c5 6. Nf3 Nc6 7. Be3 Be7 8. Qd2 b6 9. Bd3 0-0 10. 0-0 f5 11. exf6 Nxf6 12. Kh1 Bd7 13. Ne5 Be8 14. Nxc6 Bxc6 15. Rae1 c4 16. Be2 Bb4 17. Bf3 Ne4 18. Bxe4 dxe4 19. a3 Bxc3 20. Qxc3 Qd5 21. b3 Bb5 22. a4 Ba6 23. b4 Rac8 24. b5 Bb7 25. Ra1 Qh5 26. a5 Qxb5 27. Rfb1 Qh5 28. axb6 axb6 29. d5 Bxd5 30. Rxb6 Ra8 31. Rab1 h6 32. h3 Ra2 33. Rd6 Rf7 34. Rb8+ Kh7 35. Kh2 Qe2 36. Rdd8 Rxc2 37. Rh8+ Kg6 38. Rxh6+ Kxh6 39. f5+ Kh7 0-1

[Event "EU-chT (Men) 19th"]
[Site "Warsaw"]
[Date "2013.11.08"]
[Round "1.19"]
[White "Lupulescu, Constantin"]
[Black "Jones, Richard S"]
[Result "1-0"]
[WhiteElo "2630"]
[BlackElo "2435"]
[PlyCount "79"]
[EventDate "2013.11.08"]
[EventType "team-swiss"]
[EventRounds "9"]
[EventCountry "POL"]
[SourceTitle "CBM 158"]
[Source "ChessBase"]
[SourceDate "2014.01.16"]
[SourceVersion "1"]
[SourceVersionDate "2014.01.16"]
[SourceQuality "1"]
[WhiteTeam "Romania"]
[BlackTeam "Wales"]
[WhiteTeamCountry "ROU"]
[BlackTeamCountry "WLS"]

1. d4 d5 2. c4 c6 3. Nf3 Nf6 4. e3 Bf5 5. Nc3 e6 6. Nh4 Bg6 7. Nxg6 hxg6 8. Bd3 Nbd7 9. 0-0 Bd6 10. h3 dxc4 11. Bxc4 0-0 12. Qc2 Qe7 13. Rd1 Rac8 14. Bd2 Nb6 15. Bf1 e5 16. dxe5 Bxe5 17. a4 Nbd5 18. a5 a6 19. Be1 Rcd8 20. g3 Bc7 21. Qb3 Nxc3 22. Bxc3 Ne4 23. Bb4 Bd6 24. Bxd6 Rxd6 25. Rxd6 Nxd6 26. Qb4 Re8 27. Rd1 Ne4 28. Qxe7 Rxe7 29. Rd8+ Kh7 30. h4 g5 31. Bd3 f5 32. hxg5 Kg6 33. g4 Kxg5 34. gxf5 Nf6 35. Kg2 Rd7 36. Rxd7 Nxd7 37. Kg3 Kf6 38. f4 c5 39. e4 b6 40. e5+ 1-0

[Event "WLS-ch"]
[Site "Cardiff"]
[Date "2013.03.29"]
[Round "1"]
[White "Jones, Richard S"]
[Black "Fathallah, Joe"]
[Result "1-0"]
[WhiteElo "2399"]
[BlackElo "1987"]
[PlyCount "57"]
[EventDate "2013.03.29"]
[EventType "swiss"]
[EventRounds "7"]
[EventCountry "WLS"]
[SourceTitle "CBM 153 Extra"]
[Source "ChessBase"]
[SourceDate "2013.04.22"]
[SourceVersion "1"]
[SourceVersionDate "2013.04.22"]
[SourceQuality "1"]

1. e4 e6 2. d4 d5 3. Nc3 Nf6 4. e5 Nfd7 5. f4 c5 6. Nf3 Nc6 7. Be3 a6 8. Qd2 b5 9. Be2 cxd4 10. Nxd4 Nxd4 11. Bxd4 Nb6 12. 0-0 b4 13. Nd1 Bd7 14. b3 a5 15. Ne3 Rc8 16. f5 Bc5 17. Bxc5 Rxc5 18. Qd4 Qc7 19. Rae1 Rc3 20. Bd3 h5 21. Kh1 Qc5 22. Qh4 Bb5 23. fxe6 fxe6 24. Qg5 Bxd3 25. cxd3 Qe7 26. Qg6+ Kd8 27. Rf7 Qe8 28. Nf5 Nc8 29. Qg5+ 1-0

[Event "Gibraltar Masters 11th"]
[Site "Caleta"]
[Date "2013.01.26"]
[Round "5"]
[White "Jones, Richard S"]
[Black "Pribyl, Jaroslav1111"]
[Result "1-0"]
[WhiteElo "2393"]
[BlackElo "1932"]
[PlyCount "53"]
[EventDate "2013.01.22"]
[EventType "swiss"]
[EventRounds "10"]
[EventCountry "GGB"]
[SourceTitle "CBM 153"]
[Source "ChessBase"]
[SourceDate "2013.03.14"]
[SourceVersion "1"]
[SourceVersionDate "2013.03.14"]
[SourceQuality "1"]

1. e4 c6 2. d4 d5 3. Nc3 dxe4 4. Nxe4 Bf5 5. Ng3 Bg6 6. h4 h6 7. Nf3 Nd7 8. h5 Bh7 9. Bd3 Bxd3 10. Qxd3 e6 11. Bd2 Ngf6 12. 0-0-0 Qc7 13. Ne4 Nxe4 14. Qxe4 Nf6 15. Qe2 0-0-0 16. g3 Rd5 17. Bf4 Qa5 18. Kb1 Rxh5 19. Ne5 Rxh1 20. Rxh1 Qd5 21. Re1 Bb4 22. c3 Ba5 23. Nxf7 Rf8 24. Nd6+ Kb8 25. c4 Qh5 26. Qxe6 Bxe1 27. Ne8+ 1-0

[Event "BCF-chT2a 1213 (4NCL)"]
[Site "England"]
[Date "2012.11.03"]
[Round "1.21"]
[White "Jones, Richard S"]
[Black "Swanson, Stephen"]
[Result "1-0"]
[WhiteElo "2393"]
[BlackElo "2253"]
[PlyCount "49"]
[EventDate "2012.11.03"]
[EventType "team-tourn"]
[EventRounds "7"]
[EventCountry "ENG"]
[SourceTitle "EXT 2014"]
[Source "ChessBase"]
[SourceDate "2013.11.20"]
[SourceVersion "1"]
[SourceVersionDate "2013.11.20"]
[SourceQuality "1"]
[WhiteTeam "Rhyfelwyr Essyllwg"]
[BlackTeam "Poisoned Pawns"]
[WhiteTeamCountry "ENG"]
[BlackTeamCountry "ENG"]

1. e4 d6 2. d4 g6 3. Nc3 Bg7 4. f4 Nf6 5. Nf3 c5 6. dxc5 Qa5 7. Qd4 Nc6 8. Bb5 0-0 9. Qa4 Qc7 10. 0-0 Bd7 11. Nd5 Nxd5 12. exd5 Ne5 13. Be3 Ng4 14. cxd6 exd6 15. Bd4 Bxb5 16. Qxb5 Qxc2 17. Bxg7 Kxg7 18. Qb4 Rae8 19. Qd4+ Kg8 20. Rfe1 Qf5 21. h3 Nf6 22. Nh4 Rxe1+ 23. Rxe1 Qxd5 24. Qxf6 Qxa2 25. Nf5 1-0

[Event "Olympiad-40"]
[Site "Istanbul"]
[Date "2012.09.06"]
[Round "9.1"]
[White "Galego, Luis"]
[Black "Jones, Richard S"]
[Result "1/2-1/2"]
[WhiteElo "2495"]
[BlackElo "2393"]
[PlyCount "59"]
[EventDate "2012.08.28"]
[EventType "team-swiss"]
[EventRounds "11"]
[EventCountry "TUR"]
[SourceTitle "CBM 151"]
[Source "ChessBase"]
[SourceDate "2012.11.13"]
[SourceVersion "1"]
[SourceVersionDate "2012.11.13"]
[SourceQuality "1"]
[WhiteTeam "Portugal"]
[BlackTeam "Wales"]
[WhiteTeamCountry "POR"]
[BlackTeamCountry "WLS"]

1. e4 e5 2. Nc3 Nf6 3. g3 Bc5 4. Bg2 0-0 5. d3 Nc6 6. Nf3 a6 7. 0-0 d6 8. h3 h6 9. Kh2 Ne7 10. Nh4 Ng6 11. Nf5 c6 12. Be3 Bxf5 13. exf5 Bxe3 14. fxe3 Ne7 15. e4 d5 16. Qd2 dxe4 17. Nxe4 Ned5 18. Rae1 Re8 19. Rf2 Nxe4 20. Bxe4 Nf6 21. Rfe2 Qd4 22. b3 Rad8 23. a4 Kf8 24. Re3 Qd6 25. Qe2 Re7 26. Qg2 Nd5 27. R3e2 Nc3 28. Rf2 f6 29. h4 Ke8 30. Qf3 1/2-1/2